000 00356nam a2200133Ia 4500
008 231129s9999||||xx |||||||||||||| ||spa||
020 _a958-9101-10-0
040 _bspa
082 _a986.126 A283m
100 _aAguilar Rodas Raul
245 0 _aLa montana de oro
264 _aInterprint Editores
942 _2ddc
_cBKS
999 _c17643
_d17643